000 00688nab a2200313Ia 4500
001 2722
008 191123s9999 xx 000 0 und d
041 _aspa
044 _aag
100 _aKatzenstein, Inés,
260 _aBuenos Aires :
_b[s.n.],
650 _aARGENTINA
650 _aCRITICAS
650 _aEXPOSICIONES
650 _aFACIO, SARA
650 _aFLORES, RAUL
650 _aFOTOGRAFIAS
650 _aHÖCH, HANNAH
650 _aTOSCANI, OLIVERIO
902 _aS
903 _aa
904 _aas
907 _aImpreso
920 _a19-4-98
942 _cANALITICA
999 _c2405
_d2405
490 0 _aLa Nación
245 0 _aEl circuito off y Recoleta